000 00340nam a22001217a 4500
008 180518b xxu||||| |||| 00| 0 eng d
041 _aeng
080 _a043.3
100 _a0
101 _aMBE-BA
245 _aZhvillimi Ekonomik Ndikimi dhe rastet e pastrimit te Parave ne Kosove, Shqiperi dhe Maqedoni
_cKunushefci, Sh
942 _2udc
_cBK
999 _c45941
_d45941